000 00446nam a2200217Ia 4500
003 IT-RoPAU
008 120407s9999 xx 000 0 und d
040 _aIT-RoPAU
040 _cIT-RoPAU
041 _aita
100 _aFranz Weyergans
245 _aMistici del nostro tempo.
250 _aRoma
260 _aEdizioni Paoline
260 _c1960
300 _c cm
490 _aEcuo
490 _v142
942 _cBK
999 _c23628
_d23628